| 000 | 00933nam a2200265Ia 4500 | ||
|---|---|---|---|
| 003 | OSt | ||
| 005 | 20221005112115.0 | ||
| 006 | a|||||r|||| 00| 0 | ||
| 007 | ta | ||
| 008 | 221004b |||||||| |||| 00| 0 pan d | ||
| 020 | _cINR 200.00 | ||
| 024 | _a38653 | ||
| 037 |
_b1021, 06/03/2018, H.K. Prakashan _cTextual |
||
| 040 |
_aCRL _cCRL _bpan |
||
| 041 |
_2pan _apan |
||
| 082 | _aO153,3NSI9,KA, Q7 | ||
| 100 |
_aਸਿੰਘ, ਹਰ ਜਗਮੰਦਰ, ਂਚ. _9158265 |
||
| 245 | 0 | _a॥ੂਨੀ ਆਗ਼ਾਦੀ | |
| 260 |
_aਅੰਮਿ਼ਤਸਰ _bਸਿੰਘ ਬ੍ਰਦਰਗ਼ ਭਾਰਤ _c2017 |
||
| 300 |
_a120ਪ0 _ccm. |
||
| 650 | _a ਪੰਜਾਬੀ ਕਹਾਣੀ | ||
| 650 | _aਪੰਜਾਬੀ ਸਾਹਿਤ | ||
| 942 |
_hO153,3NSI9,KA, Q7 _cTEXL _2cc |
||
| 999 |
_c1023846 _d1023846 |
||